000 00415nam a22001457a 4500
100 _aTebben, M
245 _aCharacterization of material inhomogeneities from crosslinking in polymer blends
300 _bKautschuk Gummi Kunststoffe, 76(6): 2023. 56-64.
650 _aCuring system
650 _aRubber blends
650 _aPhase morphology
650 _aMicro-indentation
700 _aGiese, U.
942 _cJS
999 _c75295
_d75295